00938 2200313 4500001002100000005001500021035002000036007000300056008004100059020002200100040002200122082001400144084001600158090002200174100002500196245007600221250002600297300005800323650002100381700002900402850001200431504003300443264003000476336002100506337003000527338002300557999002200580990002200602INLIS00000000086091020210610101846 a0010-0621000445ta210610s2021 yoia er ind d a978-979-21-6851-8 aYOPDYOGbinderda04223a651.3 a651.3 IDA m aCB-D.11 2021-04720 aIda Nuraidaepenulis10aManajemen perkantoran /cpenulis, Ida Nuraidi; penyunting, Cicilia Heni aCetakan pertama: 2021 axiv, 261 halaman :bgambar, ilustrasi, bagan ;c23 cm 4aManajemen kantor0 aCicilia Heniepenyunting aYOPDYOG aBibliografi: halaman 260-26131aSleman :bKanisius,c2021 2rdacontentateks 2rdamediaatanpa perantara 2rdacarrieravolume aCB-D.11/2021-0472 aCB-D.11/2021-0472